<?xml version="1.0" encoding="UTF-8"?>
<record
    xmlns:xsi="http://www.w3.org/2001/XMLSchema-instance"
    xsi:schemaLocation="http://www.loc.gov/MARC21/slim http://www.loc.gov/standards/marcxml/schema/MARC21slim.xsd"
    xmlns="http://www.loc.gov/MARC21/slim">

  <leader>01112nam a22002655i 4500</leader>
  <controlfield tag="001">165909</controlfield>
  <controlfield tag="003">ES-MaACL</controlfield>
  <controlfield tag="005">20230906213228.0</controlfield>
  <controlfield tag="008">990322s1776    ne           |||| | fre d</controlfield>
  <datafield tag="040" ind1=" " ind2=" ">
    <subfield code="a">CCPB | B </subfield>
    <subfield code="b">spa </subfield>
    <subfield code="c">CCPB | B</subfield>
  </datafield>
  <datafield tag="245" ind1="0" ind2="0">
    <subfield code="a">Supplement &#xE0; l'Encyclop&#xE9;die ou Dictionnaire Raisonn&#xE9; des Sciences, des Arts et des M&#xE9;tiers / </subfield>
    <subfield code="c">par une Soci&#xE9;t&#xE9; de Gens de Lettres ; Mis en ordre et publi&#xE9; par M*** ... ; Tome Premier.</subfield>
  </datafield>
  <datafield tag="260" ind1=" " ind2=" ">
    <subfield code="a">A Amsterdam : </subfield>
    <subfield code="b">Chez M. M. Rey, Libraire, </subfield>
    <subfield code="c">1776.</subfield>
  </datafield>
  <datafield tag="300" ind1=" " ind2=" ">
    <subfield code="a">IV, 926 p. ; </subfield>
    <subfield code="c">Fol.</subfield>
  </datafield>
  <datafield tag="597" ind1=" " ind2="1">
    <subfield code="a">Sign.: []\p2\s, a\p2\s, A-Z\p4\s, 2A-2Z\p4\s, 3A-3Z\p4\s, 5A-5Z\p4\s, 6A\p3\s.</subfield>
  </datafield>
  <datafield tag="597" ind1=" " ind2="1">
    <subfield code="a">Antep.</subfield>
  </datafield>
  <datafield tag="597" ind1=" " ind2="1">
    <subfield code="a">Port. con grab. xil.</subfield>
  </datafield>
  <datafield tag="597" ind1=" " ind2="1">
    <subfield code="a">Texto a dos col.</subfield>
  </datafield>
  <datafield tag="650" ind1=" " ind2=" ">
    <subfield code="a">Enciclopedias.</subfield>
    <subfield code="9">12235</subfield>
  </datafield>
  <datafield tag="700" ind1="1" ind2="1">
    <subfield code="a">M***, </subfield>
    <subfield code="e">ed. lit.</subfield>
    <subfield code="9">224278</subfield>
  </datafield>
  <datafield tag="700" ind1="1" ind2="1">
    <subfield code="a">Rey, Marc-Michel, </subfield>
    <subfield code="e">imp.</subfield>
    <subfield code="9">131749</subfield>
  </datafield>
  <datafield tag="740" ind1="0" ind2=" ">
    <subfield code="a">Dictionnaire raisonn&#xE9; des sciences, des arts et des m&#xE9;tiers.</subfield>
  </datafield>
  <datafield tag="752" ind1=" " ind2=" ">
    <subfield code="a">Holanda - </subfield>
    <subfield code="d">Amsterdam</subfield>
  </datafield>
  <datafield tag="852" ind1=" " ind2=" ">
    <subfield code="a">ES-MaACL</subfield>
    <subfield code="j">R-2140 </subfield>
    <subfield code="z">-- Enc. pasta con hierros dorados </subfield>
    <subfield code="z">-- Ex-libris del duque de Hyjar </subfield>
    <subfield code="d">-- Olim: C- 10435</subfield>
  </datafield>
  <datafield tag="999" ind1=" " ind2=" ">
    <subfield code="c">165909</subfield>
    <subfield code="d">165909</subfield>
  </datafield>
  <datafield tag="952" ind1=" " ind2=" ">
    <subfield code="0">0</subfield>
    <subfield code="1">0</subfield>
    <subfield code="4">0</subfield>
    <subfield code="7">0</subfield>
    <subfield code="8">Colecci&#xF3;n_de_referencia </subfield>
    <subfield code="a">ATENEOM</subfield>
    <subfield code="b">ATENEOM</subfield>
    <subfield code="c">DEPO</subfield>
    <subfield code="d">2008-01-17</subfield>
    <subfield code="e">SSC</subfield>
    <subfield code="l">0</subfield>
    <subfield code="o">R-2140</subfield>
    <subfield code="p">1173993</subfield>
    <subfield code="r">2023-02-23 00:00:00</subfield>
    <subfield code="w">2023-02-23</subfield>
    <subfield code="y">MONANT</subfield>
  </datafield>
</record>
